000 00204nam a22000857a 4500
008 161021b xxu||||| |||| 00| 0 eng d
100 _9911
_aBlyton.E.
245 _aThe Famous Five
260 _bKnight Books
_c1968
999 _c3565
_d3565